Finance a úvěr

Na minha lista:
Detalhes bibliográficos
Formato: Periódico
Idioma:tcheco
Publicado em: Praha Stát. nakl. techn. lit. 1981
Tags: Adicionar Tag
Sem tags, seja o primeiro a adicionar uma tag!

MARC

LEADER 00000nas2a2200000 4500
001 s122820
005 20250730114212.0
041 0 |a cze 
044 |a CZ 
245 1 0 |a Finance a úvěr 
264 1 |a Praha  |b Stát. nakl. techn. lit.  |c 1981 
300 |a 2 zv.  |e 2 príl. 
773 0 |w eu_un_cat*s120052